| 000 | 00397nam a2200157Ia 4500 | ||
|---|---|---|---|
| 008 | 230312s9999||||xx |||||||||||||| ||und|| | ||
| 020 | _a0-19-537464-3 | ||
| 082 |
_a306.461 _bHAH-A |
||
| 100 | _aHahn;Robert.A | ||
| 245 | 0 | _aAnthropology and apaublic Health | |
| 260 |
_bOxford _aUSA _c2009 |
||
| 300 | _a730 | ||
| 546 | _aEng. | ||
| 650 |
_aPharmacy _vAnthropology and Public Health |
||
| 942 | _cBK | ||
| 999 |
_c6770 _d6770 |
||